Observations on the first part of Dr. Knowles's testimonies from the writers of the first four centuries : In a letter to a friend. By Capel Lofft.

Bibliographic Details
Main Author: Lofft, Capel, 1751-1824
Corporate Author: Gale (Firm)
Format: eBook
Language:English
Subjects:
Online Access:Connect to the full text of this electronic book

MARC

Tag First Indicator Second Indicator Subfields
LEADER 00000cam a2200000 4500
001 in00003865421
005 20190415191633.0
006 m o d
007 cr |n||||||||n
008 790703s1789 enk|||| o 00||||eng c
035 |a (CU-RivES)T41801 
035 |a (Uk-ES)006241935 
035 |a (OCoLC)508630724 
040 |a Uk-ES  |c Uk-ES  |d CU-RivES  |d CStRLIN  |d CU-RivES  |d Cengage Gale  |d UtOrBLW 
100 1 |a Lofft, Capel,  |d 1751-1824.  |0 http://id.loc.gov/authorities/names/n85089569 
245 1 0 |a Observations on the first part of Dr. Knowles's testimonies from the writers of the first four centuries :  |b In a letter to a friend. By Capel Lofft. 
264 3 |a Bury [St. Edmunds] :  |b Printed by J. Rackham; for J. Johnson, No. 72. St. Paul's Church-yard, London,  |c MDCCLXXXIX. [1789] 
300 |a 1 online resource (6 unnumbered pages, 130 pages)  
336 |a text  |b txt  |2 rdacontent 
337 |a computer  |b c  |2 rdamedia 
338 |a online resource  |b cr  |2 rdacarrier 
500 |a Verso of third leaf numbered viii. 
500 |a Price in square brackets: (Price 2s. 6d.) 
510 4 |a English Short Title Catalog,  |c T41801. 
500 |a Reproduction of original from British Library. 
500 |a Electronic resource. 
600 1 0 |a Knowles, Thomas,  |d 1723-1802.  |t Primitive Christianity. 
655 7 |a Electronic books.  |2 local 
710 2 |a Gale (Firm)  |0 http://id.loc.gov/authorities/names/no2008071348 
856 4 0 |u http://proxy.library.tamu.edu/login?url=http://find.galegroup.com/ecco/infomark.do?contentSet=ECCOArticles&docType=ECCOArticles&bookId=1607600200&type=getFullCitation&tabID=T001&prodId=ECCO&docLevel=TEXT_GRAPHICS&version=1.0&source=library&userGroupName=txshracd2898  |z Connect to the full text of this electronic book  |t 0 
999 f f |s de167d28-5e20-3cc7-b87c-701a7644f774  |i 951661c4-6d5f-3151-80e7-ba8f66d90e9e  |t 0 
952 f f |a Texas A&M University  |b College Station  |c Electronic Resources  |d Available Online  |t 0  |h No information provided 
998 f f |t 0  |l Available Online